| 000 | 01281nam a22002537a 4500 | ||
|---|---|---|---|
| 005 | 20170124103125.0 | ||
| 010 | _aA-433225 | ||
| 020 | _c00.00 | ||
| 035 | _aA-433225 | ||
| 037 | _bCen Lib/Ret | ||
| 040 |
_aDPL _bHN |
||
| 082 |
_a335 _bअजीत |
||
| 100 |
_aअजीत सिंह _983027 |
||
| 245 |
_aआधुनिक भारतीय राजनीतिक एवं समाजवादी विचारक / _cअजीत सिंह |
||
| 246 |
_aAdhunik bhartiye rajnitik ewam samajvadi vicharak / _bby Ajeet Singh |
||
| 260 |
_bराधा पब्लिकेशन्स _c1990 _aनई दिल्ली |
||
| 270 |
_a4378/43, अंसारी रोड,गली मुरारीलाल, दरियागंज _bनई दिल्ली _e110002 |
||
| 300 |
_axviii,426पृ. _c21सेमी(सजिल्द) |
||
| 650 |
_aभारत -- समाजवादी आन्दोलन का इतिहास _983028 |
||
| 650 |
_aनेहरु,लोहिया -- तुलनात्मक अध्य्यन _983029 |
||
| 650 |
_aIndia - The history of the socialist movement _983030 |
||
| 650 |
_aNehru, Lohia - comparative study _983031 |
||
| 942 |
_2ddc _cHN _h335 _mअजीत |
||
| 999 |
_c119034 _d119034 |
||